Sams Teach Yourself Database Programming with Visual C++ 6 in twenty one Days (Record no. 227489)
[ view plain ]
| 000 -LEADER | |
|---|---|
| fixed length control field | 01388nam a22002537a 4500 |
| 005 - DATE AND TIME OF LATEST TRANSACTION | |
| control field | 20230612100445.0 |
| 008 - FIXED-LENGTH DATA ELEMENTS--GENERAL INFORMATION | |
| fixed length control field | 230612b ||||| |||| 00| 0 eng d |
| 020 ## - INTERNATIONAL STANDARD BOOK NUMBER | |
| International Standard Book Number | 8176351962 |
| 040 ## - CATALOGING SOURCE | |
| Transcribing agency | AL |
| 041 ## - LANGUAGE CODE | |
| Language code of text/sound track or separate title | eng |
| 082 ## - DEWEY DECIMAL CLASSIFICATION NUMBER | |
| Edition number | 23 |
| Classification number | 005.268 |
| Item number | ROBS |
| 100 ## - MAIN ENTRY--PERSONAL NAME | |
| Personal name | Lyn Robinson |
| 100 ## - MAIN ENTRY--PERSONAL NAME | |
| 9 (RLIN) | 123599 |
| 245 ## - TITLE STATEMENT | |
| Title | Sams Teach Yourself Database Programming with Visual C++ 6 in twenty one Days |
| 260 ## - PUBLICATION, DISTRIBUTION, ETC. | |
| Place of publication, distribution, etc. | New Delhi |
| Name of publisher, distributor, etc. | Techmedia |
| Date of publication, distribution, etc. | 1999 |
| 300 ## - PHYSICAL DESCRIPTION | |
| Extent | xvi,570p. |
| Other physical details | PB |
| Dimensions | 23x18cm. |
| 365 ## - TRADE PRICE | |
| Source of price type code | Computer Science |
| Price amount | 270.00 |
| Currency code | ₹ |
| Unit of pricing | 270.00 |
| 520 ## - SUMMARY, ETC. | |
| Summary, etc. | In only 21 days, you'll have all the skills you need to get up and running efficiently. With this complete tutorial, you'll master the basics of database programming and then move on to the more advanced features and concepts. Understand the fundamentals of database programming in Visual C++. Master all the new and advanced database features that Visual C++6 offers. Learn how to effectively use the latest tools and features of Visual C++ for database programming by following practical, real-world examples. Get expert tips from a leading authority for programming your databases with Visual C++ 6 in the corporate environment. |
| 650 ## - SUBJECT ADDED ENTRY--TOPICAL TERM | |
| Topical term or geographic name entry element | Database Technology |
| 9 (RLIN) | 123600 |
| 650 ## - SUBJECT ADDED ENTRY--TOPICAL TERM | |
| Topical term or geographic name entry element | Database Development |
| 9 (RLIN) | 123601 |
| 650 ## - SUBJECT ADDED ENTRY--TOPICAL TERM | |
| Topical term or geographic name entry element | Database Design |
| 9 (RLIN) | 123602 |
| 650 ## - SUBJECT ADDED ENTRY--TOPICAL TERM | |
| Topical term or geographic name entry element | Database Servers |
| 9 (RLIN) | 123603 |
| 700 ## - ADDED ENTRY--PERSONAL NAME | |
| Personal name | ROBINSON (Lyn) |
| 9 (RLIN) | 123604 |
| 942 ## - ADDED ENTRY ELEMENTS (KOHA) | |
| Source of classification or shelving scheme | Dewey Decimal Classification |
| Koha item type | Donated Books |
| Withdrawn status | Lost status | Source of classification or shelving scheme | Damaged status | Not for loan | Collection code | Home library | Current library | Date acquired | Total Checkouts | Full call number | Barcode | Date last seen | Price effective from | Koha item type | Public note |
|---|---|---|---|---|---|---|---|---|---|---|---|---|---|---|---|
| Dewey Decimal Classification | Computer Applications & Animation | St Aloysius Library | St Aloysius Library | 06/08/2023 | 005.268 ROBS | D05739 | 06/12/2023 | 06/12/2023 | Donated Books | Donated by Sabita Merlyn Dsouza |